000 00667nam a2200265Ia 4500
005 20260121170026.0
008 008 260114s9999 xx 000 0 eng d
020 _a9783319441856
037 _aEBOOK
040 _aCRL
040 _beng
040 _cCRL
041 _2eng
041 _aeng
084 _qCRL
100 _aMerridee L. Bailey, Katie Barclay
_91058892
245 0 _aEmotion, Ritual and Power in Europe, 1200–1920
260 _bSpringer
260 _bSpringer
260 _c2017
856 _uhttps://link.springer.com/openurl?genre=book&isbn=978-3-319-44185-6
942 _cEBOOK
999 _c1624621
_d1624621